<?xml version="1.0" encoding="UTF-8"?>
<record
    xmlns:xsi="http://www.w3.org/2001/XMLSchema-instance"
    xsi:schemaLocation="http://www.loc.gov/MARC21/slim http://www.loc.gov/standards/marcxml/schema/MARC21slim.xsd"
    xmlns="http://www.loc.gov/MARC21/slim">

  <leader>01379nam2a22002771  4500</leader>
  <controlfield tag="001">rc\524660</controlfield>
  <controlfield tag="005">20250621165834.0</controlfield>
  <datafield tag="010" ind1=" " ind2=" ">
    <subfield code="a">5-247-02112-6</subfield>
    <subfield code="9">500</subfield>
  </datafield>
  <datafield tag="035" ind1=" " ind2=" ">
    <subfield code="a">(NLR Aleph) 005817913</subfield>
  </datafield>
  <datafield tag="090" ind1=" " ind2=" ">
    <subfield code="a">5449207</subfield>
    <subfield code="c">5449207</subfield>
  </datafield>
  <datafield tag="100" ind1=" " ind2=" ">
    <subfield code="a">20030616d1990    |||y0rusy50      ca</subfield>
  </datafield>
  <datafield tag="101" ind1="0" ind2=" ">
    <subfield code="a">rus</subfield>
  </datafield>
  <datafield tag="102" ind1=" " ind2=" ">
    <subfield code="a">RU</subfield>
  </datafield>
  <datafield tag="105" ind1=" " ind2=" ">
    <subfield code="a">a   |||||||||</subfield>
  </datafield>
  <datafield tag="200" ind1="1" ind2=" ">
    <subfield code="a">&#x41E;&#x441;&#x442;&#x440;&#x430;&#x43A;&#x43E;&#x434;&#x44B; &#x43F;&#x430;&#x43B;&#x435;&#x43E;&#x437;&#x43E;&#x44F;</subfield>
    <subfield code="f">[&#x421;&#x43E;&#x441;&#x442;. &#x410;.&#x424;. &#x410;&#x431;&#x443;&#x448;&#x438;&#x43A; &#x438; &#x434;&#x440;.]</subfield>
  </datafield>
  <datafield tag="210" ind1=" " ind2=" ">
    <subfield code="d">1990</subfield>
    <subfield code="a">&#x411;. &#x43C;.</subfield>
  </datafield>
  <datafield tag="215" ind1=" " ind2=" ">
    <subfield code="a">353, [3] &#x441;.</subfield>
    <subfield code="c">&#x438;&#x43B;.</subfield>
  </datafield>
  <datafield tag="320" ind1=" " ind2=" ">
    <subfield code="a">&#x411;&#x438;&#x431;&#x43B;&#x438;&#x43E;&#x433;&#x440;.: &#x441;. 212-228</subfield>
  </datafield>
  <datafield tag="320" ind1=" " ind2=" ">
    <subfield code="a">&#x423;&#x43A;&#x430;&#x437;. &#x442;&#x430;&#x43A;&#x441;&#x43E;&#x43D;&#x43E;&#x432;: &#x441;. 345-354</subfield>
  </datafield>
  <datafield tag="461" ind1=" " ind2="0">
    <subfield code="1">001rc\524657</subfield>
    <subfield code="1">2001#$a&#x41F;&#x440;&#x430;&#x43A;&#x442;&#x438;&#x447;&#x435;&#x441;&#x43A;&#x43E;&#x435; &#x440;&#x443;&#x43A;&#x43E;&#x432;&#x43E;&#x434;&#x441;&#x442;&#x432;&#x43E; &#x43F;&#x43E; &#x43C;&#x438;&#x43A;&#x440;&#x43E;&#x444;&#x430;&#x443;&#x43D;&#x435; &#x421;&#x421;&#x421;&#x420;$e&#x421;&#x43F;&#x440;&#x430;&#x432;. &#x434;&#x43B;&#x44F; &#x43F;&#x430;&#x43B;&#x435;&#x43E;&#x43D;&#x442;&#x43E;&#x43B;&#x43E;&#x433;&#x43E;&#x432; &#x438; &#x433;&#x435;&#x43E;&#x43B;&#x43E;&#x433;&#x43E;&#x432;$e&#x412; 9 &#x447;.$f&#x412;&#x441;&#x435;&#x441;&#x43E;&#x44E;&#x437;. &#x43D;.-&#x438;. &#x433;&#x435;&#x43E;&#x43B;. &#x438;&#x43D;-&#x442; &#x438;&#x43C;. &#x410;.&#x41F;. &#x41A;&#x430;&#x440;&#x43F;&#x438;&#x43D;&#x441;&#x43A;&#x43E;&#x433;&#x43E;$g&#x413;&#x43B;. &#x440;&#x435;&#x434;. &#x411;.&#x421;. &#x421;&#x43E;&#x43A;&#x43E;&#x43B;&#x43E;&#x432;$v&#x422;. 4</subfield>
    <subfield code="9">5449182</subfield>
    <subfield code="c">&#x41B;.</subfield>
    <subfield code="d">1987-</subfield>
    <subfield code="f">&#x412;&#x441;&#x435;&#x441;&#x43E;&#x44E;&#x437;. &#x43D;.-&#x438;. &#x433;&#x435;&#x43E;&#x43B;. &#x438;&#x43D;-&#x442; &#x438;&#x43C;. &#x410;.&#x41F;. &#x41A;&#x430;&#x440;&#x43F;&#x438;&#x43D;&#x441;&#x43A;&#x43E;&#x433;&#x43E;</subfield>
    <subfield code="n">&#x41D;&#x435;&#x434;&#x440;&#x430;. &#x41B;&#x435;&#x43D;&#x438;&#x43D;&#x433;&#x440;. &#x43E;&#x442;&#x434;-&#x43D;&#x438;&#x435;</subfield>
    <subfield code="o">&#x421;&#x43F;&#x440;&#x430;&#x432;. &#x434;&#x43B;&#x44F; &#x43F;&#x430;&#x43B;&#x435;&#x43E;&#x43D;&#x442;&#x43E;&#x43B;&#x43E;&#x433;&#x43E;&#x432; &#x438; &#x433;&#x435;&#x43E;&#x43B;&#x43E;&#x433;&#x43E;&#x432; : &#x412; 9 &#x447;.</subfield>
    <subfield code="t">&#x41F;&#x440;&#x430;&#x43A;&#x442;&#x438;&#x447;&#x435;&#x441;&#x43A;&#x43E;&#x435; &#x440;&#x443;&#x43A;&#x43E;&#x432;&#x43E;&#x434;&#x441;&#x442;&#x432;&#x43E; &#x43F;&#x43E; &#x43C;&#x438;&#x43A;&#x440;&#x43E;&#x444;&#x430;&#x443;&#x43D;&#x435; &#x421;&#x421;&#x421;&#x420;</subfield>
    <subfield code="v">&#x422;. 4</subfield>
  </datafield>
  <datafield tag="702" ind1=" " ind2="1">
    <subfield code="a">&#x410;&#x431;&#x443;&#x448;&#x438;&#x43A;</subfield>
    <subfield code="b">&#x410;.&#x424;.</subfield>
    <subfield code="4">220</subfield>
  </datafield>
  <datafield tag="801" ind1=" " ind2="0">
    <subfield code="a">RU</subfield>
    <subfield code="b">NLR</subfield>
    <subfield code="g">psbo</subfield>
  </datafield>
  <datafield tag="801" ind1=" " ind2="1">
    <subfield code="a">RU</subfield>
    <subfield code="b">ELAR</subfield>
    <subfield code="2">rusmarc</subfield>
  </datafield>
  <datafield tag="852" ind1=" " ind2=" ">
    <subfield code="a">NLR</subfield>
    <subfield code="j">87-7/361</subfield>
  </datafield>
  <datafield tag="942" ind1=" " ind2=" ">
    <subfield code="c">BOOK</subfield>
  </datafield>
  <datafield tag="980" ind1=" " ind2=" ">
    <subfield code="a">NB</subfield>
  </datafield>
  <datafield tag="995" ind1=" " ind2=" ">
    <subfield code="5">2013-10-26</subfield>
    <subfield code="b">NLR01</subfield>
    <subfield code="c">NLR01</subfield>
    <subfield code="e">RF9</subfield>
    <subfield code="f">5817913-10</subfield>
    <subfield code="k">87-7/361</subfield>
    <subfield code="o">0</subfield>
    <subfield code="r">BOOK</subfield>
    <subfield code="s">877361_</subfield>
  </datafield>
</record>
